000 00384 a2200157 4500
001 164788
020 _a
040 _cMagnum
100 _aDias Junior, Jose Augusto
240 1 0 _aO brilho de mil sois: historia da bomba atomica
_lpor
245 1 0 _aO brilho de mil sois: historia da bomba atomica
362 0 _a1899
440 1 _aÁtica
697 _aPARADIDATICO
942 _cBK
999 _c164788
_d164788